00613nam a2200181Ia 4500003000900000008004100009020002200050040001600072080001900088245006100107260002900168300001300197650004100210700003200251942000700283999001700290952012400307IN-BaIIA211028s9999 xx 000 0 eng d a978-81-7480-103-6 cIIA Library a[8]:01:00bCHA 0aCharles Darwin's autobiographycedited by Francis Darwin aNew DelhibVigyan Prasar avi, 88p. aAutobiography- Charles Darwin935867 aDarwin, Francis, ed.935868 cBK c18730d18730 00104070aBANbBANcGENd2013-06-07eVIG g35.00l0o92:5/ CHAp19652r2021-11-05v35.00w2013-06-07yBKGRs. 35.00